Normal view
MARC view
- Embudo, Junamer B.
Entry Personal Name
001 - CONTROL NUMBER
- control field: 19835
003 - CONTROL NUMBER IDENTIFIER
- control field: OSt
005 - DATE AND TIME OF LATEST TRANSACTION
- control field: 20170419084907.0
008 - FIXED-LENGTH DATA ELEMENTS
- fixed length control field: 170419|| aca||aabn | a|a d
040 ## - CATALOGING SOURCE
- Original cataloging agency: OSt
100 ## - HEADING--PERSONAL NAME
- Personal name: Embudo, Junamer B.
